'Hello' in many languages - Statistics

General Stats
  • This quiz has been taken 60 times
  • The average score is 6 of 15
Answer Stats
Lauguage Hello % Correct
English Hello
92%
Spanish Hola
90%
French Bonjour
84%
German Hallo
66%
Chinese(Mandarin) 你好
58%
Italian Ciao
58%
Japanese こんにちは
46%
Russian Привет
40%
Korean 안녕
26%
Latin Salve
18%
Vietnamese Xin chào
6%
Arabic مرحبا
2%
Thai สวัสดี
2%
Hindi हैलो
0%
Greece Χαίρετε
0%
No matching quizzes found
Score Distribution
Percent of People with Each Score
Percentile by Number Answered
Your Score History
You have not taken this quiz